Orlando Magic All-Time Starters - Statistics

General Stats
  • This quiz has been taken 42 times
  • The average score is 5 of 7
Answer Stats
Hint Answer % Correct
C Shaquille O'Neal
97%
PG Penny Hardaway
95%
PF Dwight Howard
92%
SF Tracy McGrady
82%
SG Nick Anderson
54%
Coach Stan Van Gundy
46%
6th man Horace Grant
36%
No matching quizzes found
Score Distribution
Percent of People with Each Score
Percentile by Number Answered
Your Score History
You have not taken this quiz